00898nam a2200229Ia 4500003000900000008004100009020001800050040001600068080002300084111008100107245023100188260003700419300001500456490002600471650004100497650001300538650002200551650002000573700002000593700001800613710003700631IN-BaIIA211028s9999 xx 000 0 eng d a0-7923-1111-6 cIIA Library a082.2:52bIAU-S148 aSymposium of the International Astronomical UnioncAustraliad1990 July 9-13 4aThe magellanic cloudsbproceedings of the 148th Symposium of the International Astronomical Union held in Sydney Australia, July 9-13, 1990.cedited by R. Haynes and D. Miln  aDordrechtbKluwer Academicc1991 axix, 503p. aIAU Symposium; no.148 aAstronomy and Astrophysics Thesaurus aGalaxies aMagellanic clouds aNearby galaxies aHaynes, R., ed. aMiln, D., ed. aInternational Astronomical Union